000 00565nam a2200217 a 4500
999 _c6720
_d6720
001 6720
003 BD-JhCC
005 20180129094333.0
008 180129s1955 p |||| || | 000 0 eng d
035 _a(BD-JhCC)6720
040 _aBD-JhCC
_dBD-JhCC
041 _aeng
082 _a954.91
_bDOG 1955
100 _aDogar, Tufail Muhammad
245 _aCurrent Affairs /
_cTufail Muhammad Dogar,
260 _aLahore :
_bDogar Brothers,
_c1955
300 _a274 p. :
_c18 cm.
650 _aPolitics and Government
_zPakistan
942 _2ddc
_cBK